000 00561nam a2200157Ia 4500
003 Ost
005 20260507075701.0
008 260507s9999||||xx |||||||||||||| ||und||
040 _cfsecg
041 _aara
100 _aالياسري، احمد محمد
_eمؤلف
245 0 _aالاساليب الاحصائية في مجالات البحوث التربوية /
_c احمد محمد الياسري
260 _aعمان:
_bمؤسسة الوراق للنشر والتوزيع,
_c2001
653 _aبحوث - اساليب احصائية
942 _cكتاب
999 _c45821
_d45821